00870cam a2200241 a 450000100100000000500170001000800410002704000250006804100130009308200230010610000430012924500990017225000110027126000320028230000210031449000190033565000260035465000300038070000550041083000260046595201220049199900150061300000487020200929151525.0780328s1953 sp 001 0 spa  aDO-SdBNPbspacBNPHU17aspahfre a843.5bL433h, 19531 aLe Sage, Alain Rene,d1668-174791334710aHistoria de Gil Blas de Santillana /cAlain Rene Le Sage ; traductor, P. José F. de la Isla. a3a ed. aBarcelona :bIberia,c1953. a709 p. ;c19 cm.1 aObras maestras 4aNovela francesa91075 4aLiteratura francesa910741 aIsla, José Francisco de,d1703-1781,etr.914104 0aObras maestras914105 00105470aGRbGRcHDd2009-07-27iLF1l0o843.5 L433h, 1953p4870-10r2020-06-25w2020-06-25y4ZPréstamo en sala c4676d4676